000 00443nam a22001577a 4500
003 GBCCL
005 20250924111812.0
008 250924b |||||||| |||| 00| 0 eng d
040 _cGBC
082 _a230
_bZOU 1
100 _aZou, M Kamneithang
245 _aGingtu khat in thei ngeingei ding sil kuo te :
_bnine eposodes a believer ought to know
260 _aShillong :
_bLimlunthang zou,
_c2025
300 _a102p. ;
942 _2ddc
_cBK
_n0
999 _c10942
_d10942